000 00202nam a2200073Ia 4500
008 170817s9999 xx 000 0 und d
100 _aSharma.Kusum
245 0 _aEducational Administration And Managment
260 _bRadha Prakashan Agra
999 _c39326
_d39326